Guía del Museo de Historia de la Ciudad (Record no. 9983)

MARC details
000 -CABECERA
campo de control de longitud fija 00864nam a2200241 a 4500
001 - NÚMERO DE CONTROL
campo de control BRL_1171
005 - FECHA Y HORA DE LA ÚLTIMA TRANSACCIÓN
campo de control 20190320211051.0
008 - DATOS DE LONGITUD FIJA--INFORMACIÓN GENERAL
campo de control de longitud fija 211113s1962----sp-ao#####---#000-0#spa-#
041 ## - CÓDIGO DE LENGUA
Código de lengua del texto/banda sonora o título independiente spa
044 ## - CÓDIGO DEL PAÍS DE LA ENTIDAD EDITORA/PRODUCTORA
Código MARC del país sp
050 #4 - SIGNATURA TOPOGRÁFICA DE LA BIBLIOTECA DEL CONGRESO
Número de clasificación DP402.B2
Número de documento/Ítem .M87 1962
110 2# - ENTRADA PRINCIPAL--NOMBRE DE ENTIDAD CORPORATIVA
Nombre de entidad corporativa o nombre de jurisdicción como elemento de entrada Museo de Historia de la Ciudad (Barcelona, España)
9 (RLIN) 26000
245 10 - MENCIÓN DE TÍTULO
Título Guía del Museo de Historia de la Ciudad
Mención de responsabilidad, etc. Redactado bajo la dirección de federico Udina Martorell.
260 ## - PUBLICACIÓN, DISTRIBUCIÓN, ETC.
Lugar de publicación, distribución, etc. Barcelona
Nombre del editor, distribuidor, etc. Ayuntamiento de Barcelona, Museo de Historia de la Ciudad
Fecha de publicación, distribución, etc. 1962
300 ## - DESCRIPCIÓN FÍSICA
Extensión 241 p.
Otras características físicas il., planos
Dimensiones 17 cm.
440 #0 - MENCIÓN DE SERIE/PUNTO DE ACCESO ADICIONAL--TÍTULO
Título Publicaciones del Museo
Designación de volumen o secuencia 3
9 (RLIN) 26001
500 ## - NOTA GENERAL
Nota general Au1360
610 24 - PUNTO DE ACCESO ADICIONAL DE MATERIA--NOMBRE DE ENTIDAD CORPORATIVA
Nombre de entidad corporativa o nombre de jurisdicción como elemento de entrada Museo de Historia de la Ciudad (Barcelona, España)
Subdivisión de forma Guías
9 (RLIN) 26002
650 14 - PUNTO DE ACCESO ADICIONAL DE MATERIA--TÉRMINO DE MATERIA
Término de materia o nombre geográfico como elemento de entrada Museos
Subdivisión de forma Guías
Subdivisión geográfica Barcelona (España)
9 (RLIN) 26003
700 1# - PUNTO DE ACCESO ADICIONAL--NOMBRE DE PERSONA
Nombre de persona Udina Martorell, Federico
9 (RLIN) 26004
902 ## - CATALOGADOR
Iniciales GRL
942 ## - ELEMENTOS DE PUNTO DE ACCESO ADICIONAL (KOHA)
Fuente del sistema de clasificación o colocación Library of Congress Classification
Tipo de ítem Koha Libros
Holdings
Estado de retiro Estado de pérdida Estado dañado No para préstamo Localización permanente Ubicación/localización actual Fecha de adquisición Número de inventario Total de préstamos Signatura topográfica completa Código de barras Fecha visto por última vez Precio válido a partir de Tipo de ítem Koha
El ejemplar forma parte de la colección y puede ser consultado según las políticas vigentes.       Biblioteca Centro de Estudios Ruth D. Lechuga Biblioteca Centro de Estudios Ruth D. Lechuga 21/11/2013 Au1360   DP402.B2 .M87 1962 (Au1360) GRL01288 22/03/2019 22/03/2019 Libros